| 000 | 01196cam a22003258a 4500 | ||
|---|---|---|---|
| 001 | 14248959 | ||
| 005 | 20201128020731.0 | ||
| 008 | 060131s2007 nju b 001 0 eng | ||
| 010 | _a 2006003357 | ||
| 020 | _a9780137143832 | ||
| 020 | _a0137143234 | ||
| 040 |
_aDLC _cDLC _dDLC |
||
| 042 | _apcc | ||
| 043 | _an-us--- | ||
| 050 | 0 | 0 |
_aHF5718.2.U6 _bT45 2007 |
| 082 | 0 | 0 |
_a658.45 _222 _bTHI |
| 100 | 1 |
_aThill, John V. _93018 |
|
| 245 | 1 | 0 |
_aExcellence in business communication / _cJohn V. Thill & Courtland L. Bovee. |
| 250 | _a8th ed. | ||
| 260 |
_aUpper Saddle River, N.J. : _bPearson Prentice Hall, _cc2008. |
||
| 263 | _a0602 | ||
| 300 |
_a615 p: _bill; col, _c22 cm. |
||
| 500 | _aVarious other multi-media instructional materials are available to supplement the text. | ||
| 504 | _aIncludes bibliographical references and index. | ||
| 650 | 0 |
_aBusiness communication _zUnited States _vCase studies. _93019 |
|
| 700 | 1 |
_aBovee, Courtland L. _93020 |
|
| 856 | 4 | 1 |
_3Table of contents only _uhttp://www.loc.gov/catdir/toc/ecip067/2006003357.html |
| 942 |
_2ddc _cBB |
||
| 999 |
_c11158 _d11158 |
||